000 00699nam a2200193 i 4500
001 135193
003 ES-MaACL
005 20230906194827.0
007 t|
008 070711s1966 sp ||||1| spa d
080 _a362.11:616-002.73(461.2)"04/18"
100 1 _aTolivar Faes, José Ramón.
_9110461
245 1 0 _aHospitales de leprosos en Asturias durante las edades Media y Moderna /
_cJ. Tolivar Faes.
260 _aOviedo :
_bInstituto de Estudios Asturianos,
_c1966.
300 _a5 h., 461 p. :
_bil. ;
_c25 cm.
650 4 _aLeproserías-
_zAsturias (Comunidad Autónoma)-
_vHistoria.
_914373
710 2 _aInstituto de Estudios Asturianos.
_94889
852 _aES-MaACL
_jC-30916
_bR.61561
999 _c135193
_d135193